| 000 | 00000nam##2200000za#4500 |
| 001 | 9.614101 |
| 003 | CaOODSP |
| 005 | 20211126112847 |
| 007 | ta |
| 008 | 150406|1997||||xxc||||| f|0| 0 eng|d |
| 020 | |a0-662-26235-2 |
| 022 | |a1192-5434 |
| 040 | |aCaOODSP|beng |
| 043 | |an-cn--- |
| 086 | 1 |aFB3-2/97-18E |
| 110 | 2 |aBank of Canada. |
| 245 | 10|aCanadian short-term interest rates and the BAX futures market : |ban analysis of the impact of volatility on hedging activity and the correlation of returns between markets / |cby David G. Watt. |
| 260 | |aOttawa - Ontario : |bBank of Canada |c1997. |
| 300 | |a36p. : |bgraphs, references, tables ; |c28 cm. |
| 490 | 1 |aWorking paper|x1192-5434|v97-18 |
| 500 | |a"This paper analyses how Canadian financial firms manage short-term interest rate risk through the use of BAX futures contracts."--Abstract. |
| 520 | 3 |aThis paper analyses how Canadian financial firms manage short-term interest rate risk through the use of BAX futures contracts.--Abstract |
| 546 | |aRésumés en français |
| 563 | |aSoftcover |
| 590 | |a97-47|b1997-11-21 |
| 720 | 1 |aWatt, David G. |
| 776 | 0#|tCanadian short-term interest rates and the BAX futures market : |w(CaOODSP)9.571664 |
| 830 | #0|aWorking paper,|x1192-5434|v97-18|w(CaOODSP)9.514622 |